ALL Drag Race Franchise First Eliminated Queens - Statistics

General Stats
  • This quiz has been taken 389 times
    12 since last reset
  • The average score is 56 of 85
Answer Stats
Season First Eliminated % Correct
๐Ÿ‡บ๐Ÿ‡ธ 12 Dahlia Sin
100%
๐Ÿ‡บ๐Ÿ‡ธ 8 Dax ExclamationPoint
100%
๐Ÿ‡ฌ๐Ÿ‡ง 1 Gothy Kendoll
100%
๐Ÿ‡บ๐Ÿ‡ธ 15 Irene the Alien
100%
๐Ÿ‡บ๐Ÿ‡ธ 9 Jaymes Mansfield
100%
๐Ÿ‡บ๐Ÿ‡ธ 14 June Jambalaya
100%
๐Ÿ‡บ๐Ÿ‡ธ 13 Kahmora Hall
100%
๐Ÿ‡บ๐Ÿ‡ธ 6 Kelly Mantle
100%
๐Ÿ‡บ๐Ÿ‡ธ 8 Laila McQueen
100%
๐Ÿ‡บ๐Ÿ‡ธ 6 Magnolia Crawford
100%
๐Ÿ‡บ๐Ÿ‡ธ 5 Penny Tration
100%
๐Ÿ‡บ๐Ÿ‡ธ 7 Tempest DuJour
100%
๐Ÿ‡บ๐Ÿ‡ธ 1 Victoria 'Porkchop' Parker
100%
๐Ÿ‡บ๐Ÿ‡ธ 4 Alisa Summers
89%
๐Ÿ‡ฌ๐Ÿ‡ง 3 Anubis
89%
โญ 2 Coco Montrese
89%
๐Ÿ‡บ๐Ÿ‡ธ 18 DD Fuego
89%
โญ 5 Derrick Barry
89%
๐Ÿ‡บ๐Ÿ‡ธ 16 Hershii LiqCour-Jetรฉ
89%
๐Ÿ‡บ๐Ÿ‡ธ 17 Lucky Starzzz
89%
โญ 1 Mimi Imfurst
89%
โญ 1 Pandora Boxx
89%
๐Ÿ‡บ๐Ÿ‡ธ 2 Shangela
89%
๐Ÿ‡บ๐Ÿ‡ธ 11 Soju
89%
๐Ÿ‡บ๐Ÿ‡ธ 10 Vanessa Vanjie Mateo
89%
๐Ÿ‡บ๐Ÿ‡ธ 3 Venus D-Lite
89%
๐ŸŒŽโญ 1 Athena Likis
78%
๐Ÿ‡ฌ๐Ÿ‡ง 2 Cherry Valentine
78%
โญ 4 Jasmine Masters
78%
๐Ÿ‡จ๐Ÿ‡ฆ 1 Juice Boxx
78%
๐Ÿ‡ซ๐Ÿ‡ท 1 La Kahena
78%
๐Ÿ‡จ๐Ÿ‡ฆ๐ŸŒŽ 2 La Kahena
78%
๐Ÿ‡ต๐Ÿ‡ญ๐ŸŒŽ 1 Madame Yoko
78%
๐Ÿ‡ซ๐Ÿ‡ทโญ 1 Magnetica
78%
๐Ÿ‡ฌ๐Ÿ‡ง๐ŸŒŽ 2 Mayhem Miller
78%
๐Ÿ‡ฌ๐Ÿ‡ง๐ŸŒŽ 3 Melinda Verga
78%
โญ 8 Monica Beverly Hillz
78%
๐Ÿ‡ฌ๐Ÿ‡ง 7 Pasty
78%
โญ 6 Serena ChaCha
78%
โญ 3 Thorgy Thor
78%
๐Ÿ‡ฆ๐Ÿ‡บ 3 Amyl
67%
๐Ÿ‡จ๐Ÿ‡ฆ 3 Halal Bae
67%
๐Ÿ‡ฆ๐Ÿ‡บ 1 Jojo Zaho
67%
๐Ÿ‡ฌ๐Ÿ‡ง๐ŸŒŽ 1 Lemon
67%
๐Ÿ‡ฌ๐Ÿ‡ง 6 Saki Yew
67%
๐Ÿ‡ช๐Ÿ‡ธ 1 The Macarena
67%
๐Ÿ‡ซ๐Ÿ‡ท 3 Afrodite Amour
56%
๐Ÿ‡ฌ๐Ÿ‡ง 5 Alexis Saint-Pete
56%
๐Ÿ‡ฉ๐Ÿ‡ช 1 Barbie Q
56%
๐Ÿ‡จ๐Ÿ‡ฆ 2 Beth
56%
๐Ÿ‡ฌ๐Ÿ‡ง 4 Just May
56%
๐Ÿ‡จ๐Ÿ‡ฆ๐ŸŒŽ 1 Kendall Gender
56%
๐Ÿ‡ช๐Ÿ‡ธ 5 Nori
56%
๐Ÿ‡ช๐Ÿ‡ธโญ 1 Pink Chadora
56%
๐Ÿ‡ต๐Ÿ‡ญ 1 Prince
56%
๐Ÿ‡ซ๐Ÿ‡ท 2 Rose
56%
๐Ÿ‡ต๐Ÿ‡ญ 2 Astrid Mercury
44%
๐Ÿ‡ง๐Ÿ‡ช 1 Brittany Von Bottoks
44%
๐Ÿ‡ง๐Ÿ‡ท 2 Chanel
44%
๐Ÿ‡ฆ๐Ÿ‡บ 2 Faรบx Fรบr
44%
๐Ÿ‡ช๐Ÿ‡ธ 3 Maria Edilia
44%
๐Ÿ‡ฒ๐Ÿ‡ฝ 1 Miss Vallarta
44%
๐Ÿ‡น๐Ÿ‡ญ 2 M Stranger Fox
44%
๐Ÿ‡จ๐Ÿ‡ฑ 1 Pakita
44%
๐Ÿ‡จ๐Ÿ‡ฆ 6 Paolo Perfecciรณn
44%
๐Ÿ‡ณ๐Ÿ‡ฑ 1 Roem
44%
๐Ÿ‡ต๐Ÿ‡ญ 3 Versex
44%
๐Ÿ‡ฎ๐Ÿ‡น 3 Adriana Picasso
33%
๐Ÿ‡ธ๐Ÿ‡ช 1 Almighty Aphroditey
33%
๐Ÿ‡จ๐Ÿ‡ฑ 1 รlvaro Lynch
33%
๐Ÿ‡ง๐Ÿ‡ท 1 Diva More
33%
โœจ 2 Fabulosity
33%
๐Ÿ‡ฒ๐Ÿ‡ฝ 2 Ignus Ars
33%
๐Ÿ‡ฎ๐Ÿ‡น 1 Ivana Vamp
33%
๐Ÿ‡ณ๐Ÿ‡ฑ 2 Juicy Kutoure
33%
๐Ÿ‡ช๐Ÿ‡ธ 2 Marisa Prisa
33%
๐Ÿ‡น๐Ÿ‡ญ 1 Meannie Minaj
33%
๐Ÿ‡ฎ๐Ÿ‡น 2 Narciso
33%
๐Ÿ‡ต๐Ÿ‡ญ 2 Nicole Pardaux
33%
๐Ÿ‡ฆ๐Ÿ‡บ 4 Olivia Dreams
33%
๐Ÿ‡ง๐Ÿ‡ช 2 Sarah Logan
33%
๐Ÿ‡ช๐Ÿ‡ธ 4 Shani LaSanta
33%
๐Ÿ‡จ๐Ÿ‡ฆ 4 Sisi Superstar
33%
๐Ÿ‡น๐Ÿ‡ญ 3 Srirasha Hotsauce
33%
๐Ÿ‡จ๐Ÿ‡ฆ 5 Tara Nova
33%
No matching quizzes found
Score Distribution
Percent of People with Each Score
Percentile by Number Answered
Your Score History
You have not taken this quiz since the last reset